000 00581nam 22002053 4500
001 201331
021 _aPT
_b10 697/85
090 _a201331
100 _a20231025d u||y0pory50 ba
200 _aDuas histórias do Porto
_fMário Cláudio
205 _a
210 _a[S.l.]
_cLabirinto
_d1986
215 _a36 p.
_cbrochado
_d21 cm
300 _aContém dedicatória na folha de rosto
606 _aLiteratura Portuguesa
_96
675 _a821.134.3-3
_vPT
_zpor
700 _93761
_aCláudio
_bMário
_f1941-
801 _aPT
_bBMMN
_gRPC
830 _cAna Falardo
_fAna Falardo
990 _cLIVROS